F.O.B. Detroit /

Bibliographic Details
Main Author: Smitter, Wessel, 1894-1951
Format: Book
Language:English
Published: New York, London : Harper & brothers, [1938]
Edition:3rd ed.

MARC

Tag First Indicator Second Indicator Subfields
LEADER 00000cam a2200000 4500
001 in00000026551
005 20151007062550.0
008 770330s1938 nyu 00011 eng
010 |a  38033405  
035 |a (OCoLC)02848973 
035 |9 AAD5231AM 
040 |a DLC  |c GZN  |d TXA  |d UtOrBLW 
049 |a TXAM  |c [87824] 
050 0 0 |a PZ3.S6651  |b Fo 
090 |a PS3537.M898  |b F6 1938 
092 |a 813  |b S665f 
100 1 |a Smitter, Wessel,  |d 1894-1951. 
245 1 0 |a F.O.B. Detroit /  |c by Wessel Smitter. 
250 |a 3rd ed. 
264 1 |a New York,  |a London :  |b Harper & brothers,  |c [1938] 
264 4 |c ©1938 
300 |a 4 pages ., 340 pages ;  |c 21 cm. 
336 |a text  |b txt  |2 rdacontent 
337 |a unmediated  |b n  |2 rdamedia 
338 |a volume  |b nc  |2 rdacarrier 
999 |a MARS 
999 f f |s 875961d7-e246-3664-90f6-621c7a1f6008  |i f248329c-72e3-3b31-8b93-e1006d356c94  |t 0 
952 f f |p ric  |a Texas A&M University  |b Rellis Campus  |c Joint Library Facility  |d Remote Storage  |t 0  |e PS3537.M898 F6 1938  |h Library of Congress classification  |i unmediated -- volume  |m A14801251114 
998 f f |a PS3537.M898 F6 1938  |t 0  |l Remote Storage